<?xml version="1.0" encoding="UTF-8"?>
<collection xmlns:xsi="http://www.w3.org/2001/XMLSchema-instance" xsi:schemaLocation="http://www.loc.gov/MARC21/slim http://www.loc.gov/standards/marcxml/schema/MARC21slim.xsd" xmlns="http://www.loc.gov/MARC21/slim">
 <record>
  <leader>00000cam a22000004a 4500</leader>
  <controlfield tag="001">UP-8027390931312156283</controlfield>
  <controlfield tag="003">Buklod</controlfield>
  <controlfield tag="005">20070925093239.0</controlfield>
  <controlfield tag="006">o--- |     ||   ||</controlfield>
  <controlfield tag="007">ta</controlfield>
  <controlfield tag="008">070925s1993    enka    rb   |001 0|eng d</controlfield>
  <datafield tag="035" ind1=" " ind2=" ">
   <subfield code="a">(iLib)UPCEB-00000001299</subfield>
  </datafield>
  <datafield tag="050" ind1=" " ind2="4">
   <subfield code="a">B72</subfield>
   <subfield code="b">C6 1993</subfield>
  </datafield>
  <datafield tag="090" ind1=" " ind2=" ">
   <subfield code="a">B72</subfield>
   <subfield code="b">C6 1993</subfield>
  </datafield>
  <datafield tag="100" ind1="1" ind2=" ">
   <subfield code="a">Copleston, Frederick Charles.</subfield>
  </datafield>
  <datafield tag="245" ind1="1" ind2="2">
   <subfield code="a">A history of philosophy</subfield>
   <subfield code="c">Frederick Charles Copleston.</subfield>
  </datafield>
  <datafield tag="264" ind1=" " ind2="1">
   <subfield code="a">New York</subfield>
   <subfield code="b">Doubleday</subfield>
   <subfield code="c">c1993.</subfield>
  </datafield>
  <datafield tag="300" ind1=" " ind2=" ">
   <subfield code="a">9 v.</subfield>
  </datafield>
  <datafield tag="500" ind1=" " ind2=" ">
   <subfield code="a">Contents</subfield>
   <subfield code="a">v.1 Greece and Rome.</subfield>
   <subfield code="a">v.2 Medieval philosophy.</subfield>
   <subfield code="a">v.3 Late medieval and renaissance philosophy.</subfield>
   <subfield code="a">v.4 Modern philosophy : from Descartes to Leibniz.</subfield>
   <subfield code="a">v. 5 Modern philosophy : the British philosophers from Hobbes to Hume.</subfield>
   <subfield code="a">v.6 Modern philosophy : from the French enlightenment to Kant.</subfield>
   <subfield code="a">v.7 Modern philosophy : from the post-Kantian idealists to Marx, Kierkegaard, and Nietzsche.</subfield>
   <subfield code="a">v.8 Modern philosophy : empiricism, idealism, and pragmatism in Britain and America.</subfield>
   <subfield code="a">v.9 Modern philosophy : from the French revolution to Sarte, Camus, and Levi-Strauss .</subfield>
  </datafield>
  <datafield tag="650" ind1=" " ind2="0">
   <subfield code="a">Philosophy</subfield>
   <subfield code="x">History.</subfield>
  </datafield>
  <datafield tag="852" ind1="0" ind2=" ">
   <subfield code="a">UPCEB</subfield>
   <subfield code="b">CEBU-LAHUG</subfield>
   <subfield code="h">B72 C6 1993</subfield>
  </datafield>
  <datafield tag="942" ind1=" " ind2=" ">
   <subfield code="a">Book</subfield>
  </datafield>
 </record>
</collection>
